000 00316nam a2200133Ia 4500
005 20251222140100.0
008 251222s1900||||xx |||||||||||||| ||spa||
020 _a950-9034-03-4
082 _a121.2/M26
100 _aMaritain, Jacques
245 0 _aLos Grados del Saber:
264 _bClub de Lectores
942 _cLIB
999 _c3908
_d3908